| 000 | 00610nam a22001817a 4500 | ||
|---|---|---|---|
| 005 | 20130514111256.0 | ||
| 010 | _aENG-107034 | ||
| 020 |
_a9788120778061 _c750.00 |
||
| 035 | _aEN-90567 | ||
| 037 | _bDBAD/PUB | ||
| 082 | _a230.35 | ||
| 100 | _aKakarya, Rabinder Nath | ||
| 245 |
_aShirdi within & beyond : _cby Rabinder Nath Kakarya _ba collection of unseen & rare photographs / |
||
| 260 |
_aNew Delhi _bSterling Paperbacks _c2013(repr.) |
||
| 270 |
_aA-59, Okhla Industries Area, Phase-II _bNew Delhi _e110020 |
||
| 300 |
_a158p.: _bcol. photos _c22cm(Hb) |
||
| 942 |
_2ddc _cEN _h230.35 _mKAK |
||
| 999 |
_c75399 _d75399 |
||